Méditerranée orientale, Égypte : guide du passager pour les escales des croisères et pour les excursions en Syrie et en Égypte /
Saved in:
Other Authors:
Format: Book
Language: French
Published:
Paris :
Hachette,
1938.
Subjects:
Tags: Add Tag
No Tags, Be the first to tag this record!
Call Number: DS43 .M38 1938
| LEADER | 00749namaa2200217 4500 | ||
|---|---|---|---|
| 001 | 20732 | ||
| 003 | OSt | ||
| 005 | 20260309090323.0 | ||
| 008 | 130303s1938 fr abe 000 0 fre d | ||
| 010 | |a 40012070 | ||
| 040 | |c ARCE Library | ||
| 043 | |a aw----- | ||
| 050 | 4 | |a DS43 .M38 1938 | |
| 245 | 0 | 0 | |a Méditerranée orientale, Égypte : |b guide du passager pour les escales des croisères et pour les excursions en Syrie et en Égypte / |c rédigé par J. Chardon. |
| 264 | 1 | |a Paris : |b Hachette, |c 1938. | |
| 300 | |a 280 pages : |b illustrations, maps (part folded), plans (part folded) ; |c 16 cm. | ||
| 651 | 0 | |a Middle East |v Guidebooks. | |
| 700 | 1 | |a Chardon, Jacques, |c Pierre Émile, |d 1865- |9 27917 | |
| 901 | |a reviewed | ||
| 942 | |c BK |2 lcc | ||
| 999 | |c 17185 |d 17185 | ||
